[Event "AUTO-INT-3038"]
[Site "http://www.queenalice.com/game.php?id=1377474"]
[Date "2015.8.14"]
[Round "1"]
[White "jajerduco"]
[Black "nsarquis"]
[Result "1-0"]
[WhiteElo "1376"]
[BlackElo "1636"]

1. d3 e5 2. e4 Nf6 3. Nh3 h6 4. g3 d5 5. Bg2 Be6 6. Nd2 Bb4 7. c3 Bd6 8. exd5
Bxd5 9. Bxd5 Nxd5 10. Qa4+ c6 11. Qg4 O-O 12. Ne4 c5 13. Bxh6 g6 14. Bxf8 Kxf8
15. Nxd6 Qxd6 16. Qc8+ Kg7 17. Qxb7 Nc7 18. Ng5 Nd7 19. Qf3 f6 20. Ne4 Qd5 21.
O-O Re8 22. Rfd1 Qb7 23. b3 Nb5 24. Qg4 f5 25. Qh3 fxe4 26. dxe4 Nf6 27. f3 Nxc3
28. Rd3 Ne2+ 29. Kf2 Nd4 30. g4 Nxe4+ 31. Ke3 Nc2+ 32. Ke2 Nxa1 33. g5 Re7 34.
Qh6+ Kf7 35. Qh7+ Ke6 36. Qxg6+ Nf6 37. Qxf6# 1-0

[Event "AUTO-INT-3038"]
[Site "http://www.queenalice.com/game.php?id=1377475"]
[Date "2015.8.14"]
[Round "1"]
[White "nsarquis"]
[Black "jajerduco"]
[Result "1-0"]
[WhiteElo "1610"]
[BlackElo "1385"]

1. d4 e6 2. c4 c5 3. Nf3 cxd4 4. Nxd4 Nf6 5. a3 Qa5+ 6. Bd2 Qc5 7. e3 Ne4 8. Bb4
Qe5 9. f4 Qf6 10. g3 Bxb4+ 11. axb4 e5 12. Nb5 Na6 13. Bd3 Qc6 14. O-O b6 15.
fxe5 Bb7 16. Bxe4 Qxe4 17. Nd6+ Kf8 18. Nxe4 Bxe4 19. Qxd7 Bg6 20. e6 f6 21. e7+
Kg8 22. Rxa6 Be8 23. Qb7 Bc6 24. Qxc6 Kf7 25. Qd7 h5 26. e8=Q# 1-0

[Event "AUTO-INT-3038"]
[Site "http://www.queenalice.com/game.php?id=1377490"]
[Date "2015.8.14"]
[Round "1"]
[White "nsarquis"]
[Black "michas"]
[Result "0-1"]
[WhiteElo "1610"]
[BlackElo "1648"]

1. d4 b6 2. c4 Bb7 3. Nc3 Nf6 4. Nf3 e6 5. a3 c5 6. Bg5 cxd4 7. Nxd4 Nc6 8. e3
Nxd4 9. exd4 Be7 10. f3 h6 11. Bf4 Nh5 12. g3 Nxf4 13. gxf4 Bh4+ 14. Kd2 Rc8 15.
Nb5 Be7 16. Nxa7 Ra8 17. Nb5 O-O 18. b4 d5 19. c5 Bc6 20. Nc3 bxc5 21. bxc5 Bf6
22. Kc1 Qa5 23. Ne2 Ba4 24. Qd3 Qe1+ 25. Kb2 Rab8+ 26. Ka2 Qa5 27. Nc1 Ra8 28.
Nb3 Bxb3+ 29. Qxb3 Bxd4 30. Rd1 Rfb8 0-1

[Event "AUTO-INT-3038"]
[Site "http://www.queenalice.com/game.php?id=1377491"]
[Date "2015.8.14"]
[Round "1"]
[White "michas"]
[Black "nsarquis"]
[Result "0-1"]
[WhiteElo "1648"]
[BlackElo "1599"]

1. b3 d5 2. Ba3 Nc6 3. Nf3 Nf6 4. g3 g6 5. h4 Bg7 6. Bg2 e5 7. d3 e4 8. dxe4
Nxe4 9. Nfd2 Bxa1 10. Nxe4 dxe4 11. Qxd8+ Nxd8 12. Bxe4 Bf6 13. c4 Bd7 14. Bc5
c6 15. Nd2 Bc3 16. Kd1 Ne6 17. Bd6 Rd8 18. Kc1 Bc8 19. Be5 Bxe5 20. f4 Bd4 21.
Rd1 Nc5 22. Bf3 Be3 23. Kc2 O-O 24. a3 Bf5+ 25. Kc1 Nxb3+ 26. Kb2 Nxd2 27. Kc3
Bd4+ 28. Kxd2 Bf2+ 29. Kc1 Be3+ 30. Kb2 Rxd1 31. Kb3 Rb1+ 32. Kc3 Rd8 33. g4
Bd2# 0-1

[Event "AUTO-INT-3038"]
[Site "http://www.queenalice.com/game.php?id=1377492"]
[Date "2015.8.14"]
[Round "1"]
[White "nsarquis"]
[Black "McJack3xtr3me"]
[Result "1-0"]
[WhiteElo "1617"]
[BlackElo "1302"]

1. d4 e6 2. c4 d6 3. Nf3 Nc6 4. g3 Qf6 5. Bf4 e5 6. Bg5 Qf5 7. Be3 Nh6 8. d5 Nd4
9. Nxd4 exd4 10. Bxd4 Qe4 11. f3 Qe7 12. Nc3 Bf5 13. g4 Bg6 14. h4 O-O-O 15. h5
Qg5 16. hxg6 hxg6 17. Bxa7 Be7 18. Ne4 Qf4 19. e3 Qxe3+ 20. Bxe3 f5 21. Ng5 Bxg5
22. Bxg5 Rd7 23. Qa4 c6 24. Qa8+ Kc7 25. Qxh8 fxg4 26. fxg4 Nxg4 27. Bh3 Rd8 28.
Qxd8# 1-0

[Event "AUTO-INT-3038"]
[Site "http://www.queenalice.com/game.php?id=1377493"]
[Date "2015.8.14"]
[Round "1"]
[White "McJack3xtr3me"]
[Black "nsarquis"]
[Result "0-1"]
[WhiteElo "1261"]
[BlackElo "1596"]

1. e4 e6 2. Bc4 d5 3. exd5 exd5 4. Bb5+ Bd7 5. Bxd7+ Nxd7 6. Nh3 Qe7+ 7. Qe2
Qxe2+ 8. Kxe2 O-O-O 9. Rd1 Bd6 10. Nc3 Ngf6 11. d4 c6 12. Nf4 g5 13. Nd3 h6 14.
Kf1 Bxh2 15. g3 Ng4 16. Ne5 Ndxe5 17. dxe5 Nxe5 18. Kg2 Bxg3 19. Kxg3 h5 20.
Bxg5 Rdg8 21. Kf4 Nf3 22. Bf6 Rh6 23. Bd4 Nxd4 24. Rxd4 Rg4+ 25. Ke3 Rxd4 26.
Kxd4 h4 27. Ne2 h3 28. Ng3 h2 29. f4 Kd7 30. a4 Kd6 31. f5 Rh3 32. Ne2 h1=Q 33.
Rxh1 Rxh1 34. Kc3 Rf1 35. Nd4 c5 36. Ne2 Rxf5 37. a5 Rf3+ 38. Kd2 f5 39. Nc3
Rf2+ 40. Ke3 Rxc2 41. Na4 Ke5 42. Kd3 Rg2 43. Nxc5 f4 44. Ne4 dxe4+ 45. Kc3 f3
46. b4 f2 47. Kc4 f1=Q+ 48. Kc5 Rc2# 0-1

[Event "Challenge"]
[Site "http://www.queenalice.com/game.php?id=1379132"]
[Date "2015.8.23"]
[Round "-"]
[White "nsarquis"]
[Black "Tooony"]
[Result "0-1"]
[WhiteElo "1617"]
[BlackElo "1640"]

1. d4 c5 2. Nf3 e6 3. e4 cxd4 4. Nxd4 Nc6 5. Nc3 d5 6. exd5 exd5 7. Qe2+ Be7 8.
Be3 Nf6 9. O-O-O O-O 10. g3 a6 11. Bg2 Bb4 12. Na4 Qa5 13. Nb6 Rb8 14. Nb3 Qxa2
15. Bxd5 Na5 16. c3 Nxb3+ 17. Bxb3 Qa1+ 18. Kd2 Qxb2+ 19. Ke1 Bxc3+ 20. Kf1 Bh3+
21. Kg1 Qxe2 22. Bc4 Qxd1+ 0-1

[Event "Challenge"]
[Site "http://www.queenalice.com/game.php?id=1379439"]
[Date "2015.8.24"]
[Round "-"]
[White "nsarquis"]
[Black "carpio1969"]
[Result "1-0"]
[WhiteElo "1662"]
[BlackElo "1611"]

1. d4 d5 2. Nf3 f6 3. Nc3 c6 4. e4 e6 5. a3 Bd6 6. g3 Nd7 7. Bg2 Qe7 8. O-O f5
9. e5 Bc7 10. b4 a6 11. Nh4 Nh6 12. Bxh6 gxh6 13. Qh5+ Qf7 14. Qxh6 Bb6 15. Nf3
Qg6 16. Qxg6+ hxg6 17. Rfd1 Nf8 18. a4 Nh7 19. h4 Bd8 20. b5 Bd7 21. Bf1 Ba5 22.
bxc6 Bxc6 23. Rd3 O-O-O 24. Nb1 Rdg8 25. Nbd2 Bxd2 26. Rxd2 g5 27. hxg5 Nxg5 28.
Nxg5 Rxg5 29. c4 f4 30. cxd5 Bxd5 31. Rc1+ Kb8 32. Bg2 fxg3 33. f4 Rgh5 34. Bxd5
exd5 35. Rdc2 Rh1+ 36. Kg2 R1h3 37. e6 R3h7 38. f5 Re7 39. Kxg3 Rg8+ 40. Kf4 Rh8
41. Ke5 Rh4 42. f6 Rh5+ 43. Kd6 Re8 44. Kd7 Rhh8 45. e7 Rc8 46. Rxc8+ 1-0

[Event "Challenge"]
[Site "http://www.queenalice.com/game.php?id=1556740"]
[Date "2019.1.15"]
[Round "-"]
[White "WLAO"]
[Black "nsarquis"]
[Result "0-1"]
[WhiteElo "1616"]
[BlackElo "1638"]

1. e4 e6 2. e5 Nc6 3. Nf3 d6 4. exd6 Bxd6 5. Bb5 Bd7 6. d4 h6 7. d5 Nce7 8.
Bxd7+ Qxd7 9. O-O O-O-O 10. c4 exd5 11. cxd5 Nxd5 12. Qxd5 Bxh2+ 13. Nxh2 Qxd5
14. Be3 b6 15. Nc3 Qe6 16. Nb5 Kb8 17. Bf4 Kb7 18. a4 Nf6 19. Nxc7 Qc4 20. Rac1
Qxf4 21. Nb5 Nd5 22. a5 a6 23. Nc3 Nxc3 24. bxc3 bxa5 25. c4 Rc8 26. c5 a4 27.
Rb1+ Ka7 28. Rfd1 Rhd8 29. Re1 Rc7 30. Rec1 Rd5 31. c6 a3 32. Rc3 a2 33. Ra1 Qf6
34. Ra3 Qxa1+ 35. Nf1 Rxc6 36. Re3 Re6 37. Rg3 Qxf1+ 38. Kh2 a1=Q 39. Rxg7 Qh1+
40. Kg3 Qxg7+ 41. Kf3 Rf5# 0-1

[Event "Challenge"]
[Site "http://www.queenalice.com/game.php?id=1556969"]
[Date "2019.1.16"]
[Round "-"]
[White "WLAO"]
[Black "nsarquis"]
[Result "0-1"]
[WhiteElo "1541"]
[BlackElo "1653"]

1. e4 e6 2. e5 Nc6 3. Nf3 Bc5 4. Bb5 Nge7 5. Bxc6 Nxc6 6. d4 Bb6 7. Bg5 f6 8.
exf6 gxf6 9. Bh6 d5 10. O-O e5 11. dxe5 Bg4 12. exf6 Qxf6 13. c3 Qxh6 14. Nbd2
O-O-O 15. Qb3 Rhg8 16. Rad1 Qh5 17. a4 Bxf3 18. Nxf3 Qxf3 19. g3 Rgf8 20. Qc2 d4
21. cxd4 Nxd4 22. Qc4 Ne2+ 23. Qxe2 Qxe2 24. Rxd8+ Kxd8 25. b4 Bxf2+ 26. Kg2
Bc5+ 27. Kh3 Qxf1+ 28. Kg4 Rg8+ 29. Kh4 Be7+ 30. Kh5 Qh3# 0-1

[Event "Challenge"]
[Site "http://www.queenalice.com/game.php?id=1558933"]
[Date "2019.1.30"]
[Round "-"]
[White "Magogue"]
[Black "nsarquis"]
[Result "0-1"]
[WhiteElo "1431"]
[BlackElo "1687"]

1. e4 e6 2. d4 d5 3. Nd2 a6 4. Ngf3 c5 5. exd5 exd5 6. dxc5 Bxc5 7. Nb3 Be7 8.
Be2 Nf6 9. O-O O-O 10. Bg5 Nc6 11. Re1 h6 12. Bh4 g5 13. Bxg5 hxg5 0-1

[Event "Challenge"]
[Site "http://www.queenalice.com/game.php?id=1558934"]
[Date "2019.1.30"]
[Round "-"]
[White "nsarquis"]
[Black "Magogue"]
[Result "1-0"]
[WhiteElo "1693"]
[BlackElo "1425"]

1. e4 e5 2. Nf3 Nc6 3. Nc3 Nf6 4. g3 d5 5. exd5 Nxd5 6. Bg2 Nxc3 7. bxc3 Bc5 8.
O-O O-O 9. d3 Bg4 10. h3 Bxf3 11. Bxf3 Re8 12. Rb1 Bb6 13. Be3 1-0

[Event "Challenge"]
[Site "http://www.queenalice.com/game.php?id=1559760"]
[Date "2019.2.4"]
[Round "-"]
[White "WLAO"]
[Black "nsarquis"]
[Result "0-1"]
[WhiteElo "1614"]
[BlackElo "1673"]

1. g3 e5 2. Bg2 d5 3. d3 Nf6 4. Bg5 Be7 5. Qd2 O-O 6. Nf3 Nc6 7. Bh6 gxh6 8. c3
Be6 9. O-O h5 10. a3 e4 11. dxe4 dxe4 12. Qe3 exf3 13. exf3 Bc4 14. Re1 Re8 15.
Nd2 Nd5 16. Qh6 Bf8 17. Qxh5 Nf6 18. Qg5+ Kh8 19. Rxe8 Nxe8 20. Qf4 Bd6 21. Qxf7
Bxf7 22. Ne4 Bd5 23. Nxd6 Qxd6 24. Rd1 Nf6 25. f4 Qe6 26. Bxd5 Nxd5 27. Kg2 Qe4+
28. Kh3 Nxf4+ 29. gxf4 Qf3+ 30. Kh4 Qxd1 31. Kg5 Rg8+ 32. Kf5 Qd5+ 33. Kf6 Rf8#
0-1

[Event "Challenge"]
[Site "http://www.queenalice.com/game.php?id=1563136"]
[Date "2019.3.5"]
[Round "-"]
[White "WLAO"]
[Black "nsarquis"]
[Result "0-1"]
[WhiteElo "1505"]
[BlackElo "1671"]

1. e4 e6 2. e5 d5 3. d4 c5 4. Nf3 Bd7 5. c3 Nc6 6. b3 a6 7. g3 b5 8. Bg2 b4 9.
Bg5 Be7 10. Qd2 f6 11. Bh4 g5 12. exf6 Bxf6 13. Bxg5 bxc3 14. Nxc3 cxd4 15. Ne2
d3 16. Bxf6 Qxf6 17. Ned4 Nxd4 18. O-O Nxf3+ 19. Bxf3 Qxf3 20. h4 e5 21. Kh2 Nf6
22. Rg1 e4 23. Qe3 Ng4+ 24. Kh3 Nxe3+ 25. Kh2 Ng4+ 26. Kh3 Nxf2+ 27. Kh2 d2 28.
Rg2 d1=Q 29. Rxd1 Nxd1 30. Rd2 O-O 31. Rg2 Ne3 32. Rb2 Nf1+ 33. Kg1 Qxg3+ 34.
Rg2 Qxg2+ 35. Kxg2 Ne3+ 36. Kg3 Rf3+ 37. Kh2 Nf1+ 38. Kg2 Bh3+ 39. Kg1 Kh8 40.
h5 Rg8+ 41. Kh1 Nd2 42. b4 Rg2 43. a4 Rf1# 0-1